La hermandad de los iniciados / (Record no. 180162)
[ view plain ]
| 000 -LEADER | |
|---|---|
| campo de control de longitud fija | 00848nam a2200229 i 4500 |
| 001 - NÚMERO DE CONTROL | |
| campo de control | 180162 |
| 003 - IDENTIFICADOR DE NÚMERO DE CONTROL | |
| campo de control | ES-MaACL |
| 005 - FECHA Y HORA DE LA ÚLTIMA TRANSACCIÓN | |
| campo de control | 20251010144802.0 |
| 008 - DATOS DE LONGITUD FIJA--INFORMACIÓN GENERAL | |
| campo de control de longitud fija | 120509s2011 sp a |||| | spa d |
| 020 ## - NÚMERO INTERNACIONAL ESTÁNDAR DEL LIBRO | |
| Número Internacional Estándar del Libro | 978-84-9802-496-8 |
| 080 ## - NÚMERO DE LA CLASIFICACIÓN DECIMAL UNIVERSAL | |
| Número de la Clasificación Decimal Universal | 821.134.2-31"19" |
| 100 1# - ENTRADA PRINCIPAL--NOMBRE DE PERSONA | |
| Nombre de persona | Delgado González, José Antonio, |
| Fechas asociadas al nombre | 1972- |
| 9 (RLIN) | 149946 |
| 245 13 - MENCIÓN DEL TÍTULO | |
| Título | La hermandad de los iniciados / |
| Mención de responsabilidad, etc. | José Antonio Delgado González. |
| 250 ## - MENCION DE EDICION | |
| Mención de edición | 1ª ed. |
| 260 ## - PUBLICACIÓN, DISTRIBUCIÓN, ETC. | |
| Lugar de publicación, distribución, etc. | Fuenlabrada (Madrid) : |
| Nombre del editor, distribuidor, etc. | Entrelíneas, |
| Fecha de publicación, distribución, etc. | 2011. |
| 300 ## - DESCRIPCIÓN FÍSICA | |
| Extensión | 228 p. : |
| Otras características físicas | 1 il. col. ; |
| Dimensiones | 24 cm. |
| 700 1# - ENTRADA AGREGADA--NOMBRE PERSONAL | |
| Nombre de persona | Rodríguez Fernández, María Isabel, |
| Fechas asociadas al nombre | 1971- |
| 9 (RLIN) | 149947 |
| 852 ## - LOCALIZACIÓN | |
| Ubicación | ES-MaACL |
| Número de control de estantería | A-12073 |
| itemnumber | 187072 |
| Sublocalización o colección | R.146958 |
| Ubicación en estantería | Depósito 1 |
| Encuadernación | Donación: José Antonio Delgado González |
| Signatura antigua | Olim: N-5078 |
| 903 ## - NOMBRE PERSONAL DE DONANTE | |
| a | Delgado González, José Antonio, |
| d | 1972- |
| e | Donante |
| 9 | 149946 |
| 942 ## - ELEMENTOS DE ENTRADA SECUNDARIOS (KOHA) | |
| Fuente del sistema de clasificación o colocación | Clasificación decimal universal |
| Estatus retirado | Estado de pérdida | Fuente del sistema de clasificación o colocación | Estado de daño | No para préstamo | Biblioteca de origen | Biblioteca actual | Ubicación en estantería | Fecha de adquisición | Fuente de adquisición | Total de préstamos | Signatura topográfica completa | Código de barras | Visto por última vez | Precio de reemplazo | Tipo de ítem Koha |
|---|---|---|---|---|---|---|---|---|---|---|---|---|---|---|---|
| Clasificación decimal universal | Biblioteca del Ateneo de Madrid | Biblioteca del Ateneo de Madrid | Depósito 1 | 09/05/2012 | Donación | A-12073 | 1189303 | 23/02/2023 | 23/02/2023 | Libro impreso |
